000 00319nam a2200133Ia 4500
008 190216s9999||||xx |||||||||||||| ||und||
100 _aGupta Das And Prasad
245 0 _aAbstract Algebra Degree Level
250 _a2nd Ed.
260 _bBarathi Bavan
_c1988
300 _a227p
650 _aMathematics
942 _cBK
999 _c30979
_d30979